000 00428nam a2200181Ia 4500
005 20240823024406.0
008 240823s9999||||xx |||||||||||||| ||und||
041 _aENGLISH
082 _A620.11 P9
100 _aHiggins Raymond A
245 0 _aMaterials for Engineers and Technology
250 _a4th
260 _c2009
_bEls
_aJapan
500 _aYES
650 _aMaterials
_bMechanical
942 _cBK
999 _c183813
_d183813